000 00504nmm a2200169Ia 4500
008 251105s9999||||xx |||||||||||||||||und||
020 _a9788418203442
041 _aspa
100 _aMiguel Del Corral, José Ignacio
245 0 _aDe la bravura al toreo
264 _a[Madrid, España] :
_bLantia,
_c[Fecha de publicación no identificada]
300 _a0 páginas
490 _aCaligrama
650 _aLiterary criticism
856 _uhttps://public.digitaliapublishing.com/a/121742
942 _cCF
999 _c79637
_d79637